000 00547nam a2200205 a 4500
005 20140310183335.0
008 060920s19uu xx 00 eng d
020 _a0495007021
050 _aBF 181
_b.M85 2006
100 _aMyers, Ann
245 _aExperimental psychology /
_cAnn Myers
250 _a6th ed.
260 _aAustralia :
_bThomson Wadsworth,
_c2006.
300 _a603 p. :
_bill. ;
_c22 cm.
521 _aPSYCH
650 _aPsychology, Experimental.
700 _aHansen, Christine
942 _cBK
_2lcc
_kFOR
999 _c21658
_d21658